[Event "8. Open de Calvia de Aficionados 2011"]
[Site "Calvià ESP"]
[Date "2011.10.09"]
[Round "2.10"]
[White "Diaz Nunez, Adolfo"]
[Black "Luijpen, Michiel"]
[Result "1-0"]
[WhiteElo "2229"]
[BlackElo "2066"]
[PlyCount "57"]
[EventDate "2011.10.08"]
[EventType "swiss"]
[EventRounds "9"]
[EventCountry "ESP"]
[Source "lmi"]
[SourceDate "2011.10.08"]

1. Nf3 Nf6 2. c4 g6 3. Nc3 d5 4. cxd5 Nxd5 5. Qb3 Nb6 6. d4 Bg7 7. Bf4 Be6 8.
Qa3 O-O 9. e3 Nd5 10. Bg3 Nxc3 11. bxc3 b6 12. Be2 c5 13. O-O Nd7 14. Rfd1 Qc8
15. d5 Bg4 16. Ba6 Qd8 17. Bb7 Bxf3 18. gxf3 Ne5 19. Bxa8 Qxa8 20. Bxe5 Bxe5
21. f4 Bd6 22. Qa6 Qb8 23. Kh1 Qc7 24. Qd3 Qd7 25. Qe4 Qg4 26. Rd2 Kg7 27. Rg1
Qh4 28. c4 Qf6 29. Rc2 1-0

[Event "8. Open de Calvia de Aficionados 2011"]
[Site "Calvià ESP"]
[Date "2011.10.09"]
[Round "2.11"]
[White "Garcia Lopez, Luis Manuel"]
[Black "Sokalsky, Alexander"]
[Result "0-1"]
[WhiteElo "2059"]
[BlackElo "2226"]
[PlyCount "60"]
[EventDate "2011.10.08"]
[EventType "swiss"]
[EventRounds "9"]
[EventCountry "ESP"]
[Source "lmi"]
[SourceDate "2011.10.08"]

1. e4 c6 2. d4 g6 3. f4 d5 4. e5 h5 5. Nf3 Bg4 6. Bd3 e6 7. c3 Nd7 8. O-O Nh6
9. h3 Bxf3 10. Qxf3 h4 11. Be3 Be7 12. Nd2 Nf5 13. Bf2 Qb6 14. b3 O-O-O 15. a4
Rdg8 16. a5 Qc7 17. c4 a6 18. Ra4 Kd8 19. Rc1 Qb8 20. cxd5 exd5 21. Bxa6 bxa6
22. Rxc6 Bb4 23. Qxd5 Ne7 24. Qc4 Nxc6 25. Ne4 Qb5 26. Qxf7 Rf8 27. Qxg6 Qd5
28. Ng5 Rhg8 29. Qh6 Rxg5 30. Bxh4 Qxg2# 0-1

[Event "8. Open de Calvia de Aficionados 2011"]
[Site "Calvià ESP"]
[Date "2011.10.09"]
[Round "2.12"]
[White "Tscharotschkin, Michael"]
[Black "Navarrete Solano, Jorge Jose"]
[Result "1-0"]
[WhiteElo "2223"]
[BlackElo "2055"]
[PlyCount "91"]
[EventDate "2011.10.08"]
[EventType "swiss"]
[EventRounds "9"]
[EventCountry "ESP"]
[Source "lmi"]
[SourceDate "2011.10.08"]

1. e4 c5 2. c3 d6 3. d4 cxd4 4. cxd4 Nf6 5. Nc3 a6 6. a4 e6 7. Nf3 Be7 8. Bd3
Nbd7 9. h3 e5 10. O-O O-O 11. Be3 b6 12. Qe2 Bb7 13. Rfd1 Qb8 14. Bc2 Qc7 15.
Rac1 Rae8 16. Bd3 Qb8 17. dxe5 dxe5 18. Bxa6 Bxa6 19. Qxa6 Nc5 20. Qb5 Rc8 21.
Nd5 Nxd5 22. Rxd5 Nxe4 23. Rxc8 Rxc8 24. Nxe5 Bd6 25. Nc4 Bh2+ 26. Kf1 Nf6 27.
Rd1 Rd8 28. Rxd8+ Qxd8 29. Ke2 h5 30. Nxb6 Qc7 31. Qc5 Qa7 32. b4 Kh7 33. Nd5
Qxa4 34. Nxf6+ gxf6 35. Qxh5+ Kg8 36. Qg4+ Kh7 37. Qe4+ Kg8 38. g3 Qb5+ 39. Kf3
Qf1 40. Kg4 Bg1 41. Qe8+ Kg7 42. Bc5 f5+ 43. Kh4 Bxf2 44. Qe5+ Kg6 45. Qf4 Bxc5
46. bxc5 1-0

[Event "8. Open de Calvia de Aficionados 2011"]
[Site "Calvià ESP"]
[Date "2011.10.09"]
[Round "2.13"]
[White "Sokalskaja, Elena"]
[Black "Van Den Bersselaar, Jeroen"]
[Result "0-1"]
[WhiteElo "2040"]
[BlackElo "2211"]
[PlyCount "142"]
[EventDate "2011.10.08"]
[EventType "swiss"]
[EventRounds "9"]
[EventCountry "ESP"]
[Source "lmi"]
[SourceDate "2011.10.08"]

1. d4 d5 2. Nf3 Nf6 3. g3 c6 4. Bg2 Bf5 5. O-O e6 6. Nbd2 h6 7. c4 Nbd7 8. b3
Be7 9. Bb2 O-O 10. Ne5 Qc7 11. Ndf3 Rad8 12. Nxd7 Nxd7 13. cxd5 exd5 14. Rc1
Bf6 15. Qd2 Rfe8 16. Ne1 Qb6 17. e3 Qb5 18. Bf3 a5 19. Be2 Qb6 20. Bc3 Ra8 21.
Nd3 a4 22. b4 Qa7 23. Nc5 Nb6 24. b5 g5 25. Bb4 Bg7 26. bxc6 bxc6 27. Rfd1 Bg6
28. Bd3 Bh5 29. Be2 Bxe2 30. Qxe2 f5 31. Qd3 Qf7 32. Rb1 Nc4 33. Bc3 Ra7 34.
Rb4 Bf8 35. Rdb1 Rae7 36. Rb7 Nd6 37. Rxe7 Rxe7 38. Rb6 f4 39. Rxc6 fxe3 40.
fxe3 Re8 41. Bd2 Nc4 42. Bc1 Bg7 43. Qg6 Qxg6 44. Rxg6 Nxe3 45. Bxe3 Rxe3 46.
Ne6 Kf7 47. Rxg7+ Kxe6 48. Rg6+ Kf5 49. Rxh6 Ra3 50. Kf2 Rxa2+ 51. Ke3 Ra3+ 52.
Kd2 Ke4 53. Rh5 Kxd4 54. Rxg5 Ra2+ 55. Kc1 Rxh2 56. Rg8 a3 57. Kb1 a2+ 58. Ka1
Kd3 59. g4 d4 60. g5 Rg2 61. g6 Kd2 62. g7 d3 63. Kxa2 Kd1+ 64. Kb3 d2 65. Kb2
Rg6 66. Kc3 Kc1 67. Rd8 Rxg7 68. Ra8 Rg3+ 69. Kb4 d1=Q 70. Ra1+ Kd2 71. Ra2+
Ke1 0-1

[Event "8. Open de Calvia de Aficionados 2011"]
[Site "Calvià ESP"]
[Date "2011.10.09"]
[Round "2.14"]
[White "Spence, David J"]
[Black "Berendsen, Markus"]
[Result "1/2-1/2"]
[WhiteElo "2199"]
[BlackElo "2035"]
[PlyCount "89"]
[EventDate "2011.10.08"]
[EventType "swiss"]
[EventRounds "9"]
[EventCountry "ESP"]
[Source "lmi"]
[SourceDate "2011.10.08"]

1. e4 c6 2. d4 d5 3. Nc3 dxe4 4. Nxe4 Bf5 5. Ng3 Bg6 6. h4 h6 7. Nf3 Nd7 8. h5
Bh7 9. Bd3 Bxd3 10. Qxd3 Ngf6 11. Bf4 e6 12. O-O-O Qa5 13. Kb1 O-O-O 14. Bd2
Qc7 15. Ne4 Be7 16. g3 c5 17. Nxf6 Bxf6 18. Bf4 Qc6 19. Qa3 a6 20. dxc5 Nxc5
21. Ne5 Bxe5 22. Bxe5 f6 23. Bf4 Rxd1+ 24. Rxd1 Rd8 25. Rxd8+ Kxd8 26. Qa5+ b6
27. Qd2+ Ke7 28. a3 a5 29. Qe2 b5 30. Be3 Qh1+ 31. Ka2 Qd5+ 32. Kb1 Qh1+ 33.
Bc1 Qc6 34. Qg4 Kf8 35. Qd4 Nd7 36. Bd2 a4 37. Bb4+ Kf7 38. f3 Kg8 39. Qd6 Qxd6
40. Bxd6 e5 41. Kc1 Kf7 42. Kd2 Ke6 43. Bb4 Kd5 44. b3 f5 45. Be7 1/2-1/2

[Event "8. Open de Calvia de Aficionados 2011"]
[Site "Calvià ESP"]
[Date "2011.10.09"]
[Round "2.15"]
[White "Kyrkjebo, Erlend"]
[Black "Myhrvold, Rune"]
[Result "0-1"]
[WhiteElo "2026"]
[BlackElo "2183"]
[PlyCount "66"]
[EventDate "2011.10.08"]
[EventType "swiss"]
[EventRounds "9"]
[EventCountry "ESP"]
[Source "lmi"]
[SourceDate "2011.10.08"]

1. e4 c6 2. d4 d5 3. e5 c5 4. dxc5 e6 5. Be3 Nc6 6. Bb5 Nh6 7. Nf3 Nf5 8. Bd4
Nfxd4 9. Qxd4 Qa5+ 10. Nc3 Qxb5 11. Nxb5 Nxd4 12. Nfxd4 Bxc5 13. Nb3 Bb6 14.
O-O O-O 15. N5d4 Bd7 16. c3 Rac8 17. Rac1 a5 18. Nd2 f6 19. N2f3 Rc4 20. Rfe1
Kf7 21. Re2 Re8 22. Rd1 h6 23. g4 Ba7 24. h4 b5 25. exf6 gxf6 26. g5 hxg5 27.
hxg5 e5 28. gxf6 Kxf6 29. Nc2 Rg8+ 30. Kh1 Bg4 31. Nce1 Rc7 32. Kg2 e4 33. Rxd5
Bxf3+ 0-1

[Event "8. Open de Calvia de Aficionados 2011"]
[Site "Calvià ESP"]
[Date "2011.10.09"]
[Round "2.16"]
[White "Persson, Stellan"]
[Black "Fernandez-Baldor Anibarro, Pablo"]
[Result "0-1"]
[WhiteElo "2020"]
[BlackElo "2175"]
[PlyCount "80"]
[EventDate "2011.10.08"]
[EventType "swiss"]
[EventRounds "9"]
[EventCountry "ESP"]
[Source "lmi"]
[SourceDate "2011.10.08"]

1. e4 c6 2. d4 d5 3. e5 c5 4. c3 Nc6 5. Nf3 Bg4 6. Be2 e6 7. h3 Bh5 8. Nbd2 Qb6
9. O-O cxd4 10. cxd4 Nge7 11. Nb3 Bxf3 12. Bxf3 Nf5 13. Be3 Be7 14. Bg4 Nxe3
15. fxe3 O-O 16. Rc1 a5 17. Qe2 a4 18. Na1 Nb4 19. a3 Nc6 20. Qd2 Bg5 21. Kh1
Na5 22. Be2 Rfc8 23. Rxc8+ Rxc8 24. Bd3 g6 25. Qf2 Rc7 26. h4 Bh6 27. g4 Nc4
28. g5 Bf8 29. h5 Qxb2 30. hxg6 hxg6 31. Nc2 Bg7 32. Bxc4 dxc4 33. e4 Qc3 34.
Kg2 Qd3 35. Re1 Bf8 36. Qe2 Be7 37. Qxd3 cxd3 38. Ne3 Bxg5 39. Nf1 d2 40. Nxd2
Bxd2 0-1

[Event "8. Open de Calvia de Aficionados 2011"]
[Site "Calvià ESP"]
[Date "2011.10.09"]
[Round "2.18"]
[White "Carlsten, Peter"]
[Black "Walton, Alan J"]
[Result "1/2-1/2"]
[WhiteElo "2019"]
[BlackElo "2164"]
[PlyCount "53"]
[EventDate "2011.10.08"]
[EventType "swiss"]
[EventRounds "9"]
[EventCountry "ESP"]
[Source "lmi"]
[SourceDate "2011.10.08"]

1. e4 e6 2. d4 d5 3. Nd2 Be7 4. c3 c5 5. Ngf3 Nf6 6. e5 Nfd7 7. Be2 Nc6 8. O-O
g5 9. Nb3 c4 10. Nbd2 O-O 11. Ne1 f6 12. exf6 Nxf6 13. b3 cxb3 14. axb3 Qc7 15.
Nd3 Bd6 16. g3 Ne7 17. Bb2 Nf5 18. Nf3 Ne4 19. Rc1 Qg7 20. Nfe5 Bd7 21. Bf3 Be8
22. Qe2 Nf6 23. Ng4 Bd7 24. Nge5 Be8 25. Ng4 Bd7 26. Nge5 Be8 27. Ng4 1/2-1/2

[Event "8. Open de Calvia de Aficionados 2011"]
[Site "Calvià ESP"]
[Date "2011.10.09"]
[Round "2.19"]
[White "Gaya Llodra, Juan"]
[Black "Wortmann, Dirk"]
[Result "1-0"]
[WhiteElo "2160"]
[BlackElo "2014"]
[PlyCount "49"]
[EventDate "2011.10.08"]
[EventType "swiss"]
[EventRounds "9"]
[EventCountry "ESP"]
[Source "lmi"]
[SourceDate "2011.10.08"]

1. d4 d5 2. g3 Nf6 3. Nf3 c6 4. Bg2 Bf5 5. O-O e6 6. c4 Nbd7 7. cxd5 exd5 8.
Nc3 Be7 9. Nh4 Be6 10. f4 Nb6 11. f5 Bc8 12. Qd3 O-O 13. a4 a5 14. Nf3 Re8 15.
Bf4 Bb4 16. Ne5 Nbd7 17. g4 Nxe5 18. dxe5 Bc5+ 19. Kh1 Nxg4 20. Qg3 Ne3 21. Bh6
g6 22. Bxe3 Bxe3 23. Qxe3 d4 24. Qh6 gxf5 25. Ne4 1-0

[Event "8. Open de Calvia de Aficionados 2011"]
[Site "Calvià ESP"]
[Date "2011.10.09"]
[Round "2.20"]
[White "Sanchez Garcia, Julio"]
[Black "Svensson, Leif 1940"]
[Result "1/2-1/2"]
[WhiteElo "2007"]
[BlackElo "2156"]
[PlyCount "94"]
[EventDate "2011.10.08"]
[EventType "swiss"]
[EventRounds "9"]
[EventCountry "ESP"]
[Source "lmi"]
[SourceDate "2011.10.08"]

1. d4 d5 2. c4 e5 3. dxe5 d4 4. Nf3 Nc6 5. Nbd2 Nge7 6. Nb3 Nf5 7. Bg5 Qd7 8.
g4 h6 9. Bd2 Nfe7 10. h3 Ng6 11. Bg2 Ngxe5 12. Nbxd4 Nxc4 13. Nxc6 Qxc6 14. Bc3
Bd7 15. O-O Qa6 16. Ne5 Nxe5 17. Bxe5 c6 18. Qd4 Rg8 19. Rfd1 Be6 20. Rac1 Rc8
21. b4 Qb6 22. Qxb6 axb6 23. b5 Bc5 24. Bd4 cxb5 25. Bxb7 Rc7 26. Ba6 Bxa2 27.
Bxb5+ Ke7 28. Be5 Ra7 29. Rxc5 bxc5 30. Bd6+ Ke6 31. Bxc5 Rc7 32. Ba3 Rb8 33.
Rd6+ Ke5 34. Rd2 Bd5 35. f4+ Ke4 36. Rb2 Ke3 37. Kh2 Rb6 38. Kg3 Bc4 39. Bxc4
Rxb2 40. Bxb2 Rxc4 41. Bxg7 Rc6 42. f5 Ke4 43. Kh4 Rc2 44. Bxh6 Rxe2 45. Kg5
Rh2 46. h4 Kf3 47. h5 f6+ 1/2-1/2

[Event "8. Open de Calvia de Aficionados 2011"]
[Site "Calvià ESP"]
[Date "2011.10.10"]
[Round "3.1"]
[White "Tscharotschkin, Michael"]
[Black "Chueca Forcen, Alberto"]
[Result "0-1"]
[WhiteElo "2223"]
[BlackElo "2296"]
[PlyCount "160"]
[EventDate "2011.10.08"]
[EventType "swiss"]
[EventRounds "9"]
[EventCountry "ESP"]
[Source "lmi"]
[SourceDate "2011.10.08"]

1. c4 e5 2. g3 Nc6 3. Bg2 g6 4. Nc3 Bg7 5. d3 d6 6. e4 f5 7. Nge2 Nf6 8. O-O
O-O 9. Nd5 Be6 10. Bg5 Qd7 11. Qd2 Nd8 12. b4 c6 13. Nxf6+ Bxf6 14. Bxf6 Rxf6
15. exf5 Rxf5 16. f4 Rh5 17. Nc3 Kg7 18. Ne4 Nf7 19. Rf2 Bf5 20. Raf1 Bxe4 21.
dxe4 a5 22. f5 gxf5 23. g4 Rg5 24. Rxf5 Rxf5 25. exf5 Kf6 26. bxa5 h6 27. Rf3
Qd8 28. h4 Rxa5 29. Rg3 Ra8 30. g5+ hxg5 31. hxg5+ Kxf5 32. Qd3+ Ke6 33. Bh3+
Ke7 34. g6 Qb6+ 35. Kh1 Nh6 36. Qd2 Qb1+ 37. Rg1 Qe4+ 38. Rg2 Qh4 39. Rh2 Qe4+
40. Rg2 Qf4 41. Qb2 b5 42. cxb5 Rh8 43. Qf2 Qxf2 44. Rxf2 cxb5 45. g7 Rg8 46.
Rb2 Rxg7 47. Rxb5 Rg3 48. Bg2 Ra3 49. Bd5 Nf5 50. Kg1 Kf6 51. Rb6 Rd3 52. Bb3
e4 53. Bc2 Rg3+ 54. Kf2 Rf3+ 55. Ke1 Ke5 56. Rb5+ d5 57. Bb3 Rd3 58. a4 Nd6 59.
Rb8 Nc4 60. Rb5 Kd4 61. Bc2 Re3+ 62. Kd1 Ra3 63. Bb3 e3 64. Ke2 Ra1 65. a5 Rh1
66. Bxc4 Rh2+ 67. Ke1 Kxc4 68. Rb8 Ra2 69. a6 Rxa6 70. Ke2 d4 71. Rc8+ Kd5 72.
Rd8+ Ke5 73. Re8+ Re6 74. Rh8 Ke4 75. Rh4+ Kd5 76. Rh1 Rc6 77. Rh5+ Kc4 78. Rh1
Ra6 79. Rc1+ Kd5 80. Rc8 Ra2+ 0-1

[Event "8. Open de Calvia de Aficionados 2011"]
[Site "Calvià ESP"]
[Date "2011.10.10"]
[Round "3.2"]
[White "Van Den Bersselaar, Jeroen"]
[Black "Perez Lopez, Jesus Maria"]
[Result "0-1"]
[WhiteElo "2211"]
[BlackElo "2280"]
[PlyCount "72"]
[EventDate "2011.10.08"]
[EventType "swiss"]
[EventRounds "9"]
[EventCountry "ESP"]
[Source "lmi"]
[SourceDate "2011.10.08"]

1. d4 Nf6 2. c4 c6 3. Nc3 d5 4. Nf3 a6 5. a4 e6 6. Bg5 Nbd7 7. e3 Qa5 8. Nd2
Bb4 9. Qc2 c5 10. Bxf6 Nxf6 11. Nb3 Qc7 12. Nxc5 dxc4 13. a5 Bxc5 14. dxc5 Qxc5
15. Qa4+ Bd7 16. Qxc4 Qe5 17. Be2 Bc6 18. Bf3 Bxf3 19. gxf3 O-O 20. f4 Qf5 21.
Qe2 Rac8 22. Rg1 h6 23. Qf3 Nd5 24. Qg3 Qf6 25. Nd1 Rfd8 26. Ra3 Rc5 27. Qg4
Rdc8 28. Kf1 g6 29. Kg2 Kh7 30. Kh1 Rb5 31. e4 Nxf4 32. Rf3 g5 33. h4 Rc1 34.
hxg5 hxg5 35. Kh2 Qh6+ 36. Kg3 f5 0-1

[Event "8. Open de Calvia de Aficionados 2011"]
[Site "Calvià ESP"]
[Date "2011.10.10"]
[Round "3.4"]
[White "Myhrvold, Rune"]
[Black "Scharrer, Patrick"]
[Result "1/2-1/2"]
[WhiteElo "2183"]
[BlackElo "2269"]
[PlyCount "47"]
[EventDate "2011.10.08"]
[EventType "swiss"]
[EventRounds "9"]
[EventCountry "ESP"]
[Source "lmi"]
[SourceDate "2011.10.08"]

1. e4 g6 2. d4 Bg7 3. Nf3 d6 4. h3 a6 5. Bd3 Nc6 6. Be3 Nf6 7. Nc3 e5 8. dxe5
Nxe5 9. Nxe5 dxe5 10. Qf3 Qe7 11. Bc4 c6 12. O-O b5 13. Bb3 O-O 14. a4 Be6 15.
Bxe6 Qxe6 16. Rfd1 b4 17. Nb1 Nd7 18. Nd2 f5 19. Nb3 Rf7 20. Rd3 Bf8 21. Qe2 f4
22. Bd2 c5 23. Na5 c4 24. Rd5 1/2-1/2

[Event "8. Open de Calvia de Aficionados 2011"]
[Site "Calvià ESP"]
[Date "2011.10.10"]
[Round "3.5"]
[White "Fernandez-Baldor Anibarro, Pablo"]
[Black "Rodriguez Fontecha, Marcos"]
[Result "1/2-1/2"]
[WhiteElo "2175"]
[BlackElo "2244"]
[PlyCount "21"]
[EventDate "2011.10.08"]
[EventType "swiss"]
[EventRounds "9"]
[EventCountry "ESP"]
[Source "lmi"]
[SourceDate "2011.10.08"]

1. e4 d5 2. d3 dxe4 3. dxe4 Qxd1+ 4. Kxd1 e5 5. Be3 Be6 6. Nd2 Nf6 7. f3 Nbd7
8. Bc4 Bc5 9. Ke2 Ke7 10. Bxe6 Kxe6 11. Nh3 1/2-1/2

[Event "8. Open de Calvia de Aficionados 2011"]
[Site "Calvià ESP"]
[Date "2011.10.10"]
[Round "3.6"]
[White "Schuermans, Robert"]
[Black "Diaz Nunez, Adolfo"]
[Result "0-1"]
[WhiteElo "2139"]
[BlackElo "2229"]
[PlyCount "134"]
[EventDate "2011.10.08"]
[EventType "swiss"]
[EventRounds "9"]
[EventCountry "ESP"]
[Source "lmi"]
[SourceDate "2011.10.08"]

1. e4 c6 2. d4 d5 3. Nc3 dxe4 4. Nxe4 Bf5 5. Ng3 Bg6 6. h4 h6 7. Nf3 Nd7 8. h5
Bh7 9. Bd3 Bxd3 10. Qxd3 e6 11. Bf4 Qa5+ 12. c3 Ngf6 13. a4 Nd5 14. Bd2 Qc7 15.
O-O Bd6 16. Nh2 N7f6 17. Qf3 Bf4 18. Bxf4 Qxf4 19. a5 Qxf3 20. Nxf3 Nf4 21. Ne5
Rc8 22. a6 b6 23. c4 N4xh5 24. Nxh5 Nxh5 25. b4 Nf4 26. Rfe1 f6 27. Nf3 Kf7 28.
Ra3 g5 29. Rae3 Rhe8 30. Nd2 Rcd8 31. Nb3 g4 32. Kh2 h5 33. Kg3 Ng6 34. c5 Ne7
35. Rd3 Nf5+ 36. Kf4 bxc5 37. bxc5 Nxd4 38. Nxd4 e5+ 39. Ke3 exd4+ 40. Kd2 Rxe1
41. Kxe1 Ke6 42. Rb3 Kd5 43. Rb7 Ra8 44. Kd2 Kxc5 45. Kd3 h4 46. Rh7 h3 47.
gxh3 gxh3 48. Rh5+ Kb6 49. Kxd4 Rd8+ 50. Kc3 Rd5 51. Rxh3 Rf5 52. f3 Kxa6 53.
Kd4 Kb5 54. Rh7 Rd5+ 55. Kc3 a5 56. Rb7+ Kc5 57. Ra7 Kb6 58. Re7 Rf5 59. Re3
Kb5 60. Kd4 Rf4+ 61. Kc3 c5 62. Kb2 a4 63. Kc2 Kb4 64. Kb2 c4 65. Rc3 Rd4 66.
Rc2 c3+ 67. Kc1 Rd2 0-1

[Event "8. Open de Calvia de Aficionados 2011"]
[Site "Calvià ESP"]
[Date "2011.10.10"]
[Round "3.7"]
[White "Sokalsky, Alexander"]
[Black "Lacrosse, Marc"]
[Result "1/2-1/2"]
[WhiteElo "2226"]
[BlackElo "2144"]
[PlyCount "65"]
[EventDate "2011.10.08"]
[EventType "swiss"]
[EventRounds "9"]
[EventCountry "ESP"]
[Source "lmi"]
[SourceDate "2011.10.08"]

1. Nf3 d5 2. b3 Bg4 3. Bb2 Nd7 4. e3 Ngf6 5. Be2 c6 6. h3 Bh5 7. d3 e6 8. Nbd2
Bxf3 9. Bxf3 Bd6 10. Qe2 O-O 11. g3 a5 12. a4 e5 13. O-O Re8 14. e4 Nc5 15. Bg2
Qc7 16. Rfe1 Rad8 17. Nf1 dxe4 18. dxe4 Ne6 19. Qc4 Bc5 20. Ne3 Rd7 21. Qe2
Red8 22. Nc4 Nd4 23. Bxd4 Bxd4 24. Rab1 Ne8 25. h4 Nd6 26. Bh3 Nxc4 27. Qxc4
Rd6 28. Re2 Bb6 29. Kh2 Rd4 30. Qc3 Qd6 31. Bg2 Rd2 32. Rbe1 Rxe2 33. Rxe2
1/2-1/2

[Event "8. Open de Calvia de Aficionados 2011"]
[Site "Calvià ESP"]
[Date "2011.10.10"]
[Round "3.8"]
[White "Garcia Del Rey, Senen"]
[Black "Hallerod, Ralph"]
[Result "1-0"]
[WhiteElo "2295"]
[BlackElo "2122"]
[PlyCount "115"]
[EventDate "2011.10.08"]
[EventType "swiss"]
[EventRounds "9"]
[EventCountry "ESP"]
[Source "lmi"]
[SourceDate "2011.10.08"]

1. c4 Nf6 2. g3 g6 3. Bg2 Bg7 4. Nc3 O-O 5. e4 d6 6. Nge2 c5 7. O-O Nc6 8. d3
Bg4 9. h3 Bxe2 10. Nxe2 Rb8 11. Bd2 Nd7 12. Bc3 Bxc3 13. bxc3 b5 14. cxb5 Rxb5
15. d4 Qb6 16. Nf4 Rb8 17. a4 Rb2 18. e5 dxe5 19. a5 Qc7 20. Nd5 Qd6 21. Qa4
Nd8 22. Ne3 R2b3 23. Nc4 Qc7 24. Nb6 axb6 25. Qxb3 bxa5 26. Qa3 exd4 27. cxd4
cxd4 28. Qxe7 Ne6 29. Rfc1 Qd8 30. Qxd8+ Rxd8 31. Rxa5 Nf6 32. Ra8 Rxa8 33.
Bxa8 Nd7 34. Kf1 Ndc5 35. Bd5 Kg7 36. Ke2 Kf6 37. f4 h5 38. Kf3 Kg7 39. Ra1 Kf6
40. Ra7 Kg7 41. Bc4 Kf6 42. Bb5 Nd8 43. Be8 Kg7 44. Rc7 Nce6 45. Rc8 Kf8 46.
Bb5 Ke7 47. Ke4 Nb7 48. Re8+ Kd6 49. Bc4 Kd7 50. Ra8 Nd6+ 51. Kd3 Nxc4 52. Kxc4
h4 53. gxh4 Ke7 54. f5 gxf5 55. h5 f4 56. h6 f3 57. h7 f2 58. Ra1 1-0

[Event "8. Open de Calvia de Aficionados 2011"]
[Site "Calvià ESP"]
[Date "2011.10.10"]
[Round "3.9"]
[White "Svitek, Volker"]
[Black "Sanchez Jerez, Emilio Miguel"]
[Result "0-1"]
[WhiteElo "2099"]
[BlackElo "2275"]
[PlyCount "116"]
[EventDate "2011.10.08"]
[EventType "swiss"]
[EventRounds "9"]
[EventCountry "ESP"]
[Source "lmi"]
[SourceDate "2011.10.08"]

1. b4 e5 2. Bb2 d6 3. c4 Nf6 4. e3 g6 5. Nf3 Bg7 6. Be2 O-O 7. d4 e4 8. Nfd2
Re8 9. Nc3 h5 10. a4 Bf5 11. b5 Nbd7 12. a5 a6 13. Nb3 h4 14. Qc2 h3 15. g3 Nf8
16. d5 Ng4 17. Qd1 Ne5 18. Nd4 Nh7 19. Nxf5 gxf5 20. O-O Ng5 21. Kh1 Ngf3 22.
Qc2 axb5 23. cxb5 c5 24. b6 c4 25. Nb5 Rc8 26. Nc7 Rxc7 27. bxc7 Qxc7 28. Bxf3
Nxf3 29. Bxg7 Kxg7 30. Qc3+ Kg6 31. Rfc1 Ne5 32. a6 b5 33. Rf1 Ra8 34. Rfb1 Qc5
35. Qd4 b4 36. a7 Qxd4 37. exd4 Nd3 38. Ra2 b3 39. Ra4 c3 40. Rxb3 c2 41. Rc3
c1=Q+ 42. Rxc1 Nxc1 43. Kg1 Nb3 44. f3 Nd2 45. fxe4 fxe4 46. Kf2 f5 47. Ra2 Nf3
48. Ke3 Kg5 49. g4 Kxg4 50. Ra1 Nxh2 51. Rg1+ Kh4 52. Kf4 Rxa7 53. Rg8 Rh7 54.
Kxf5 e3 55. Kf4 e2 56. Rg1 Rf7+ 57. Ke3 Rf1 58. Kxe2 Rxg1 0-1

[Event "8. Open de Calvia de Aficionados 2011"]
[Site "Calvià ESP"]
[Date "2011.10.10"]
[Round "3.10"]
[White "Galiana Salom, Juan Ramon"]
[Black "Mercant Simo, Jaime"]
[Result "1-0"]
[WhiteElo "2236"]
[BlackElo "2083"]
[PlyCount "88"]
[EventDate "2011.10.08"]
[EventType "swiss"]
[EventRounds "9"]
[EventCountry "ESP"]
[Source "lmi"]
[SourceDate "2011.10.08"]

1. e4 c5 2. Nf3 d6 3. d4 cxd4 4. Nxd4 Nf6 5. Nc3 a6 6. Nb3 e5 7. Bg5 Be6 8. Be2
Nbd7 9. Nd5 Bxd5 10. exd5 Be7 11. Be3 Qc7 12. c4 a5 13. O-O Ne4 14. Rc1 O-O 15.
Bd3 Nec5 16. Nxc5 Nxc5 17. Bb1 f5 18. Rc3 g6 19. b3 Bf6 20. a3 e4 21. Bd4 Qg7
22. Bxf6 Qxf6 23. Rh3 Qb2 24. Qc1 Qxc1 25. Rxc1 b6 26. b4 axb4 27. axb4 Nd7 28.
f3 exf3 29. Rxf3 Ra4 30. Rb3 Rc8 31. Bd3 Ne5 32. Bf1 f4 33. Be2 Ra2 34. Kf1 Kg7
35. Rbc3 Re8 36. c5 bxc5 37. bxc5 dxc5 38. Rxc5 Rxe2 39. Kxe2 Nd7+ 40. Kf3 Nxc5
41. Rxc5 g5 42. d6 Kf6 43. Rd5 h6 44. h4 gxh4 1-0

[Event "8. Open de Calvia de Aficionados 2011"]
[Site "Calvià ESP"]
[Date "2011.10.10"]
[Round "3.11"]
[White "Strand, Oyvin"]
[Black "Spence, David J"]
[Result "0-1"]
[WhiteElo "2021"]
[BlackElo "2199"]
[PlyCount "114"]
[EventDate "2011.10.08"]
[EventType "swiss"]
[EventRounds "9"]
[EventCountry "ESP"]
[Source "lmi"]
[SourceDate "2011.10.08"]

1. d4 e6 2. e3 Nf6 3. Bd3 c5 4. c3 b6 5. Nf3 Bb7 6. O-O Be7 7. Nbd2 cxd4 8.
exd4 O-O 9. Qe2 d6 10. a4 a6 11. Ne4 Nbd7 12. Bd2 Re8 13. Nfg5 h6 14. Nxf6+
Nxf6 15. Ne4 Qc7 16. f4 Qc6 17. Ng3 Bf8 18. b4 g6 19. b5 Qc8 20. a5 bxa5 21.
Rxa5 axb5 22. Rxa8 Qxa8 23. Bxb5 Rb8 24. Bd3 Bg7 25. Rb1 Bc6 26. Rxb8+ Qxb8 27.
h3 Qb7 28. Ba6 Qa7 29. Kh2 Qa8 30. Bb5 Bb7 31. Bc4 Kh7 32. Bd3 Kh8 33. Bc4 h5
34. Nf1 Ne4 35. Ng3 Nxd2 36. Qxd2 Bh6 37. Qf2 Qc8 38. Qf1 d5 39. Bb5 Qxc3 40.
Ne2 Qa5 41. Bd3 Ba6 42. Bxa6 Qxa6 43. Qf2 Qd3 44. g4 hxg4 45. hxg4 Kg8 46. g5
Bf8 47. Kg2 Bb4 48. Qf3 Qc2 49. Qf2 Bd2 50. Ng3 Qd3 51. Ne2 Be3 52. Qf3 Qd2 53.
Kh3 Bxd4 54. Kg4 Qe3 55. Nxd4 Qxd4 56. Qa3 e5 57. Qa8+ Kg7 0-1

[Event "8. Open de Calvia de Aficionados 2011"]
[Site "Calvià ESP"]
[Date "2011.10.10"]
[Round "3.12"]
[White "Berendsen, Markus"]
[Black "Asensio, Enrique"]
[Result "1/2-1/2"]
[WhiteElo "2035"]
[BlackElo "2178"]
[PlyCount "77"]
[EventDate "2011.10.08"]
[EventType "swiss"]
[EventRounds "9"]
[EventCountry "ESP"]
[Source "lmi"]
[SourceDate "2011.10.08"]

1. c4 Nf6 2. Nc3 d5 3. cxd5 Nxd5 4. g3 e5 5. Bg2 Ne7 6. Nf3 Nbc6 7. d3 g6 8.
O-O Bg7 9. a3 O-O 10. Bd2 h6 11. Rc1 Be6 12. b4 a6 13. Ne4 b6 14. Bc3 Qd7 15.
Qc2 Rac8 16. Rfd1 Nd4 17. Nxd4 exd4 18. Bb2 Qb5 19. Nd2 c5 20. bxc5 Rxc5 21.
Qb1 Rfc8 22. Rxc5 bxc5 23. Qc1 Bf8 24. Nc4 Rb8 25. Rd2 Bxc4 26. dxc4 Qb3 27.
Be4 Nc8 28. Ba1 Qb6 29. Rb2 Qd6 30. Qb1 Rxb2 31. Qxb2 Nb6 32. Qc2 Qe6 33. Bd3
Bg7 34. Bb2 h5 35. Bc1 Be5 36. Kg2 Qc6+ 37. Be4 Qe6 38. Bd3 Qc6+ 39. Be4
1/2-1/2

[Event "8. Open de Calvia de Aficionados 2011"]
[Site "Calvià ESP"]
[Date "2011.10.10"]
[Round "3.13"]
[White "Gutierrez Abarrategui, Luis"]
[Black "Fruebing, Thomas"]
[Result "0-1"]
[WhiteElo "1814"]
[BlackElo "2166"]
[PlyCount "94"]
[EventDate "2011.10.08"]
[EventType "swiss"]
[EventRounds "9"]
[EventCountry "ESP"]
[Source "lmi"]
[SourceDate "2011.10.08"]

1. d4 e6 2. Nf3 Nf6 3. c4 b6 4. Nc3 Bb4 5. Bg5 Bxc3+ 6. bxc3 Bb7 7. e3 d6 8.
Bd3 h6 9. Bxf6 Qxf6 10. Rc1 Qe7 11. O-O O-O 12. e4 e5 13. d5 Nd7 14. g3 Nc5 15.
Nh4 Bc8 16. Re1 g6 17. Re3 Qg5 18. Ng2 Bh3 19. Bf1 Bxg2 20. Bxg2 Rae8 21. h4
Qe7 22. Bh3 Kg7 23. h5 Qg5 24. hxg6 fxg6 25. Qg4 Qxg4 26. Bxg4 h5 27. Bh3 Rf6
28. Kg2 Ref8 29. f3 Rh8 30. Rf1 h4 31. g4 Rf4 32. g5 Rh5 33. Bg4 Rxg5 34. Rh1
Nxe4 35. Rxh4 Nf6 36. Kh3 Nxg4 37. fxg4 Rxc4 38. Kg3 a5 39. Kf3 Rh5 40. Rxh5
gxh5 41. gxh5 Kh6 42. Ke2 Kxh5 43. Kd3 Rc5 44. Ke4 Kg4 45. Rd3 Rc4+ 46. Ke3 Kf5
47. Kd2 Ra4 0-1